Lizzy McAlpine Charting Songs (Billboard Hot Rock) - Statistics

General Stats
  • This quiz has been taken 52 times
    6 since last reset
  • The average score is 6 of 8
Answer Stats
Album Weeks On Peak Artist(s) Song % Correct
Older (and Wiser) 26 Weeks #11 Lizzy McAlpine pushing it down and praying
100%
Non-Album Single 20 Weeks #18 Lizzy McAlpine spring into summer
100%
Stick Season: We'll All Be Here Forever 21 Weeks #9 Noah Kahan & Lizzy McAlpine Call Your Mom
80%
Five Seconds Flat 26 Weeks #5 Lizzy McAlpine ceilings
80%
Older 2 Weeks #33 Lizzy McAlpine older
80%
Older 1 Week #49 Lizzy McAlpine drunk, running
60%
Older 2 Weeks #36 Lizzy McAlpine i guess
60%
Older 20 Weeks #26 Lizzy McAlpine staying
20%
No matching quizzes found
Score Distribution
Percent of People with Each Score
Percentile by Number Answered
Your Score History
You have not taken this quiz since the last reset